PEDIATRICS AND CHILD HEALTH (Record no. 15186)

MARC details
000 -LEADER
fixed length control field 00287nam a22001337a 4500
003 - CONTROL NUMBER IDENTIFIER
control field SGT
020 ## - INTERNATIONAL STANDARD BOOK NUMBER
International Standard Book Number 978-1-4051-9474-7
082 ## - DEWEY DECIMAL CLASSIFICATION NUMBER
Classification number 618.92
Item number P11R
100 ## - MAIN ENTRY--PERSONAL NAME
Personal name RUDOLF, MARY
245 ## - TITLE STATEMENT
Title PEDIATRICS AND CHILD HEALTH
260 ## - PUBLICATION, DISTRIBUTION, ETC. (IMPRINT)
Place of publication, distribution, etc UK
Name of publisher, distributor, etc WILEY
Year of Publication 2011
300 ## - PAGE DESCRIPTION
No. of Pages 486
942 ## - ADDED ENTRY ELEMENTS (KOHA)
Source of classification or shelving scheme Dewey Decimal Classification
Koha item type Books
Holdings
Withdrawn status Lost status Source of classification or shelving scheme Damaged status Not for loan Collection code Home library Current library Shelving location Date acquired Vendor Name SGTU Bill Number Total Checkouts Full call number Accession No. (Barcode) Date last seen Bill Date Koha item type
    Dewey Decimal Classification   Not For Loan NURSING SGT Medical Library SGT Medical Library Reference Book 09/02/2018 ABC SGTU 7429   618.92 P11R FN3692 09/02/2018 04/11/2016 Books